000 01011nam0a22002651 4500
001 rc\901984
005 20250622105224.0
035 _a(NLR Aleph) 006251164
090 _a6753326
_c6753326
100 _a20041129d1984 |||y0rusy50 ca
101 0 _arus
102 _aRU
105 _ay |||||||||
200 1 _aОсновы проектирования производств редких и радиоактивных веществ
_eУчеб. пособие
210 _aМ.
_cМХТИ
_d1984
215 _a48 с.
_d20
300 _aВ надзаг.: М-во высш. и сред. спец. образования СССР, Моск. хим.-технол. ин-т им. Д.И. Менделеева
320 _aБиблиогр.: с. 47
700 1 _aРаков
_bЭ.Г.
_gЭдуард Григорьевич
701 1 _aХаустов
_bС.В.
_gСтанислав Васильевич
801 0 _aRU
_bNLR
_gpsbo
801 1 _aRU
_bELAR
_2rusmarc
852 _aNLR
_j85-4/627
942 _cBOOK
980 _aNB